Tracy jordan Quiz Stats

 Plays Quiz not verified by Sporcle

Challenge
Share
Tweet
Embed
Score 0/20 Timer 05:00
0 Plays Today
% Correct
DotCom
92.2%
Grizz
86.3%
tracy jr.
68.6%
porn video game
51%
Ken
51%
Thomas Jefferson
51%
george foreman
33.3%
superman
31.4%
butt
31.4%
tracy jordan meat machine
29.4%
% Correct
Colorado
17.6%
your eyes
17.6%
Nadar
15.7%
bald eagles
11.8%
Laundry detergent
11.8%
caffiene
11.8%
dolphin
9.8%
be a giver of gifts
3.9%
work that vajaja
3.9%
be a good listener
2%

You're not logged in!

Compare scores with friends on all Sporcle quizzes.
Join for Free
OR
Log In

You Might Also Like...

Show Comments

Extras

Created May 4, 2010ReportNominate
Tags:Michael Jordan, tracy

Top Quizzes Today


Score Distribution

Your Account Isn't Verified!

In order to create a playlist on Sporcle, you need to verify the email address you used during registration. Go to your Sporcle Settings to finish the process.

Report this User

Report this user for behavior that violates our Community Guidelines.

Details: